| 000 | 00984cam a22002773a 4500 | ||
|---|---|---|---|
| 001 | 20446 | ||
| 003 | PGUSA | ||
| 005 | 20140828083431.0 | ||
| 008 | 070125s2007||||xxu|||||s|||||000 | eng d | ||
| 040 |
_aPGUSA _beng |
||
| 042 | _adc | ||
| 050 | 4 | _aBV | |
| 100 | 1 |
_aNewman, John Philip, _d1826-1899 |
|
| 245 | 1 | 0 |
_a'America for Americans!' : _bThe Typical American, Thanksgiving Sermon _h[electronic resource] / _cJohn Philip Newman |
| 260 |
_bProject Gutenberg, _c2007 |
||
| 506 | _aPublic domain in the USA. | ||
| 516 | _aElectronic text | ||
| 653 | _aUnited States -- History -- 1865-1898 -- Sermons | ||
| 653 | _aUnited States -- Emigration and immigration -- Social aspects -- Sermons | ||
| 653 | _aBible. Deuteronomy XXVIII, 1 -- Sermons | ||
| 653 | _aThanksgiving Day addresses | ||
| 653 | _aNationalism -- United States -- History -- 19th century -- Sermons | ||
| 830 | 0 |
_aProject Gutenberg _v20446 |
|
| 856 | 4 | 0 | _uhttp://www.gutenberg.org/ebooks/20446 |
| 942 | _cEB | ||
| 999 |
_c249701 _d249701 |
||